| 000 | 00986cam4a220032500 4500 | ||
|---|---|---|---|
| 001 | lce00052462 | ||
| 008 | 690910s1969 enkaf b 001 0 eng b | ||
| 010 | _a 75361298 //r85 | ||
| 015 | _aB69-08491 | ||
| 020 | _a0632050403 | ||
| 020 | _c60/- | ||
| 035 | _a(Sirsi) r67317 | ||
| 035 | _a(DLC) 75361298 //r85 | ||
| 035 | _a(UPRA)lce00052462 | ||
| 040 | _dUPRA | ||
| 050 | 1 | _aRC114.5 | |
| 060 |
_aWC 500 _b C678t 1969 |
||
| 082 | _a616.01/94 | ||
| 100 | 1 |
_aCohen, Arnold. _6A27994.1 |
|
| 245 | 1 | 0 |
_aTextbook of medical virology / _c[by] A. Cohen. |
| 260 |
_aOxford ; Edinburgh : _aOxford ; Edinburgh : _bBlackwell Scientific, _c1969. |
||
| 504 | _aBibliography: p. 518-522. | ||
| 650 | 0 |
_aVirus diseases. _6S7085.1 |
|
| 650 | 0 |
_aMedical virology. _6S20173.1 |
|
| 650 | 2 |
_aVirus Diseases. _6S7085.2 |
|
| 650 | 2 |
_aViruses. _6S4500.1 |
|
| 949 |
_aRC114.5 _wLC _i-90198 _mMEDICAL _tBOOK _lON-SHELF |
||
| 949 |
_aRC114.5 _wLC _i-90199 _mMEDICAL _tBOOK _lON-SHELF |
||
| 004 | 67317 | ||
| 999 |
_c43196 _d43196 |
||